000 00564nam a2200157 4500
999 _c7375
_d7375
008 170823b xxu||||| |||| 00| 0 eng d
022 _a16565541
082 _aDPer 641.05 F73 Dec 2012-Nov 2013 v. 9-10, n. 6-5
100 _922406
_aRosario, Chinkai.
245 _aClassics reimagined/
_cChinkai Rosario.
260 _aMakati City, Philippines:
_bHinge Inquirer Publications, Inc.,
_c©2012-2013.
300 _av10 n5, page 68:
_billustrations;
_c28 cm.
500 _aFood and beverages: make a living with food.
650 0 _922407
_aCookies
942 _2ddc
_cPER